Statistiques concernant 7 Perso - 1 Pts Commun - Harry Potter #24

Cliquez ici pour prendre le quiz!

Statistiques générales

  • Ce quiz a été pris 133 fois
  • Le résultat moyen est 3 sur 7

Statistiques - réponses

Personnages% Correct
Harry Potter
81%
Kingsley Shacklebolt
69%
Alastor Maugery
67%
Aurors
50%
Franck Londubat
20%
Alice Londubat
19%
Rufus Scrimgeour
15%

Distribution des résultats

Percentile par nombre de réponses

% des personnes avec chaque résultat

Votre développement - résultats

Vous n’avez pas pris ce quiz